| 000 | 00800na a2200253 4500 | ||
|---|---|---|---|
| 001 | 16944 | ||
| 003 | MIRAKIL | ||
| 005 | 20181213155140.0 | ||
| 008 | 161018b tu 000 0 | ||
| 020 | _a9786055614812 | ||
| 035 | _a16944 | ||
| 040 |
_aMilas _btur _cTR-AnCHP |
||
| 041 | _atur | ||
| 082 |
_a341.37 _bD35a 2011 |
||
| 090 | _a341.37 D35a 2011 | ||
| 100 | _aDemirbulak, Selçuk | ||
| 245 |
_aAvrupa Birliği hukuku ve ekonomi politikası çerçevesinde müzakareler _cSelçuk Demirbulak |
||
| 260 |
_aAnkara _bTürkiye Barolar Birliği _c2011 |
||
| 300 |
_a136 s. _c24 sm. |
||
| 490 |
_aTürkiye Barolar Birliği yayınları _v193 |
||
| 610 |
_aAvrupa Birliği _xHukuk _yAnlaşmalar _zEkonomi politkaları |
||
| 650 |
_aTopluluk politikaları _xAnlaşmalar _zAvrupa |
||
| 942 |
_2ddc _cBKS |
||
| 999 |
_c7487 _d7487 |
||